Statistics for NFL Rushing Leaders of the 1990s

Click here to take the quiz!

General Stats

  • This quiz has been taken 107 times
  • The average score is 62 of 100

Answer Stats

YardsTeamPlayer% Correct
1,883DETBarry Sanders
98%
2,053DETBarry Sanders
98%
1,304DETBarry Sanders
98%
1,548DETBarry Sanders
98%
1,352DETBarry Sanders
98%
1,115DETBarry Sanders
98%
1,500DETBarry Sanders
98%
1,491DETBarry Sanders
98%
1,553DETBarry Sanders
98%
1,563DALEmmitt Smith
98%
1,713DALEmmitt Smith
98%
1,486DALEmmitt Smith
98%
1,484DALEmmitt Smith
98%
1,773DALEmmitt Smith
98%
1,204DALEmmitt Smith
98%
937DALEmmitt Smith
98%
1,332DALEmmitt Smith
98%
1,397DALEmmitt Smith
98%
1,266MINRobert Smith
98%
1,553INDEdgerrin James
97%
1,287NYJCurtis Martin
90%
1,464NYJCurtis Martin
90%
1,487NWECurtis Martin
90%
1,160NWECurtis Martin
90%
1,152NWECurtis Martin
90%
1,405WASStephen Davis
88%
1,750DENTerrell Davis
88%
1,117DENTerrell Davis
88%
2,008DENTerrell Davis
88%
1,538DENTerrell Davis
88%
1,368HOUEddie George
86%
1,304TENEddie George
86%
1,294TENEddie George
86%
1,399TENEddie George
86%
1,319INDMarshall Faulk
85%
1,282INDMarshall Faulk
85%
1,381STLMarshall Faulk
85%
1,315BUFThurman Thomas
85%
1,407BUFThurman Thomas
85%
1,487BUFThurman Thomas
85%
1,297BUFThurman Thomas
85%
1,093BUFThurman Thomas
85%
1,431PITJerome Bettis
83%
1,665PITJerome Bettis
83%
1,429RAMJerome Bettis
83%
1,025RAMJerome Bettis
83%
1,200CINCorey Dillon
78%
1,129CINCorey Dillon
78%
1,846ATLJamal Anderson
69%
1,078CHINeal Anderson
69%
1,309WASTerry Allen
66%
1,201MINTerry Allen
66%
1,031MINTerry Allen
66%
1,353WASTerry Allen
66%
1,223JAXFred Taylor
63%
1,570SFOGarrison Hearst
59%
1,120CARAnthony Johnson
54%
1,037DENGaston Green
54%
1,170CINHarold Green
54%
1,031KANChristian Okoye
53%
1,239SEARicky Watters
51%
1,411PHIRicky Watters
51%
1,210SEARicky Watters
51%
1,110PHIRicky Watters
51%
1,273PHIRicky Watters
51%
1,114OAKHarvey Williams
47%
1,690PITBarry Foster
46%
1,294OAKNapoleon Kaufman
44%
1,435GNBDorsey Levens
42%
1,346SEAChris Warren
37%
1,072SEAChris Warren
37%
1,545SEAChris Warren
37%
1,273PHIDuce Staley
37%
1,226HOULorenzo White
34%
1,350SDGNatrone Means
34%
1,059NYGRodney Hampton
32%
1,141NYGRodney Hampton
32%
1,077NYGRodney Hampton
32%
1,075NYGRodney Hampton
32%
1,229SFOCharlie Garner
29%
1,004CINJames Brooks
25%
834SDGMarion Butts
25%
1,225SDGMarion Butts
25%
1,063WASReggie Brooks
25%
1,048WASEarnest Byner
24%
1,219WASEarnest Byner
24%
1,015KANBarry Word
22%
942PHIRandall Cunningham
20%
1,182NYGRodney Hampton
17%
1,207TAMErrict Rhett
14%
1,011TAMErrict Rhett
14%
1,202DENBobby Humphrey
10%
1,125RAMCleveland Gary
10%
1,088NWELeonard Russell
7%
959NWELeonard Russell
7%
1,018PHORonald Moore
7%
1,249NYJAdrian Murrell
5%
1,185ATLErric Pegram
2%
905MIAMark Higgs
2%
1,171TAMReggie Cobb
2%

Score Distribution

Percentile by Number Answered

Percent of People with Each Score

Your Score History

You have not taken this quiz